[Event "DEM U12 2023"]
[Site "Willingen GER"]
[Date "2023.05.28"]
[Round "1"]
[White "Zimmer, Tim"]
[Black "Glöckler, Christian"]
[Result "0-1"]
[Termination "normal"]
[Board "1"]
[BlackTitle "FM"]
[WhiteElo "1258"]
[BlackElo "2288"]
[WhiteClock "00:00:39"]
[BlackClock "00:14:26"]
[PlyCount "56"]
[WhiteFideId "34603115"]
[BlackFideId "34608966"]
[EventCountry "GER"]
[EventRounds "9"]
[EventType "swiss"]
[EventDate "2023.05.27"]

1. e4 {[%clk 01:30:55]  [%emt 00:00:04]} 1... c5 {[%clk 01:30:51]  [%emt
00:00:11]} 2. Nf3 {[%clk 01:31:07]  [%emt 00:00:18]} 2... d6 {[%clk 01:31:13] 
[%emt 00:00:08]} 3. d4 {[%clk 01:31:08]  [%emt 00:00:28]} 3... cxd4 {[%clk
01:31:32]  [%emt 00:00:12]} 4. Nxd4 {[%clk 01:31:20]  [%emt 00:00:18]} 4... Nf6
{[%clk 01:31:51]  [%emt 00:00:11]} 5. Nc3 {[%clk 01:30:57]  [%emt 00:00:52]}
5... a6 {[%clk 01:32:10]  [%emt 00:00:12]} 6. Rg1 {[%clk 01:26:31]  [%emt
00:04:55]} 6... g6 {[%clk 01:27:53]  [%emt 00:04:48]} 7. g4 {[%clk 01:20:25] 
[%emt 00:06:35]} 7... Bg7 {[%clk 01:25:57]  [%emt 00:02:26]} 8. g5 {[%clk
01:12:31]  [%emt 00:08:24]} 8... Nfd7 {[%clk 01:24:48]  [%emt 00:01:39]} 9. Be3
{[%clk 01:06:50]  [%emt 00:06:11]} 9... e6 {[%clk 01:16:37]  [%emt 00:08:41]}
10. Qd2 {[%clk 00:57:05]  [%emt 00:10:15]} 10... b5 {[%clk 01:11:03]  [%emt
00:06:04]} 11. Nb3 {[%clk 00:49:31]  [%emt 00:08:04]} 11... Ne5 {[%clk
01:06:12]  [%emt 00:05:21]} 12. Be2 {[%clk 00:43:13]  [%emt 00:06:49]} 12...
O-O {[%clk 01:00:28]  [%emt 00:06:13]} 13. O-O-O {[%clk 00:41:11]  [%emt
00:02:32]} 13... Nc4 {[%clk 00:52:32]  [%emt 00:08:26]} 14. Bxc4 {[%clk
00:40:31]  [%emt 00:01:11]} 14... bxc4 {[%clk 00:52:55]  [%emt 00:00:07]} 15.
Nd4 {[%clk 00:38:44]  [%emt 00:02:16]} 15... Qa5 {[%clk 00:45:31]  [%emt
00:07:55]} 16. h4 {[%clk 00:33:59]  [%emt 00:05:15]} 16... Rd8 {[%clk 00:44:30]
 [%emt 00:01:31]} 17. f4 {[%clk 00:26:15]  [%emt 00:08:13]} 17... Bb7 {[%clk
00:36:30]  [%emt 00:08:30]} 18. Rdf1 {[%clk 00:16:44]  [%emt 00:09:59]} 18...
d5 {[%clk 00:34:35]  [%emt 00:02:27]} 19. e5 {[%clk 00:14:53]  [%emt 00:02:20]}
19... Nd7 {[%clk 00:32:08]  [%emt 00:02:59]} 20. h5 {[%clk 00:10:09]  [%emt
00:05:13]} 20... Rab8 {[%clk 00:27:22]  [%emt 00:05:16]} 21. f5 {[%clk
00:05:00]  [%emt 00:05:39]} 21... exf5 {[%clk 00:25:52]  [%emt 00:02:00]} 22.
e6 {[%clk 00:03:15]  [%emt 00:02:14]} 22... fxe6 {[%clk 00:23:17]  [%emt
00:03:07]} 23. Nxe6 {[%clk 00:02:44]  [%emt 00:01:01]} 23... Bxc3 {[%clk
00:20:33]  [%emt 00:03:14]} 24. bxc3 {[%clk 00:02:41]  [%emt 00:00:33]} 24...
Re8 {[%clk 00:16:14]  [%emt 00:04:49]} 25. Nf4 {[%clk 00:02:07]  [%emt
00:01:02]} 25... d4 {[%clk 00:15:05]  [%emt 00:01:40]} 26. Qxd4 {[%clk
00:00:54]  [%emt 00:01:43]} 26... Ne5 {[%clk 00:14:23]  [%emt 00:01:11]} 27.
Qb6 {[%clk 00:00:32]  [%emt 00:00:53]} 27... Qa3+ {[%clk 00:14:04]  [%emt
00:00:49]} 28. Kd1 {[%clk 00:00:39]  [%emt 00:00:21]} 28... Bf3+ {[%clk
00:14:26]  [%emt 00:00:10]} 0-1

[Event "DEM U12 2023"]
[Site "Willingen GER"]
[Date "2023.05.28"]
[Round "1"]
[White "Nemitz, Alfred"]
[Black "Krüger, Moritz"]
[Result "1-0"]
[Termination "normal"]
[Board "2"]
[WhiteElo "2079"]
[BlackElo "1582"]
[WhiteClock "00:32:01"]
[BlackClock "01:15:41"]
[PlyCount "63"]
[WhiteFideId "34601791"]
[BlackFideId "34608923"]
[EventCountry "GER"]
[EventRounds "9"]
[EventType "swiss"]
[EventDate "2023.05.27"]

1. d4 {[%clk 01:30:57]  [%emt 00:00:02]} 1... Nf6 {[%clk 01:30:49]  [%emt
00:00:11]} 2. Nf3 {[%clk 01:31:18]  [%emt 00:00:09]} 2... d5 {[%clk 01:31:11] 
[%emt 00:00:08]} 3. c4 {[%clk 01:31:25]  [%emt 00:00:24]} 3... e6 {[%clk
01:31:34]  [%emt 00:00:07]} 4. Nc3 {[%clk 01:30:47]  [%emt 00:01:07]} 4... Be7
{[%clk 01:31:46]  [%emt 00:00:18]} 5. cxd5 {[%clk 01:31:01]  [%emt 00:00:16]}
5... exd5 {[%clk 01:32:05]  [%emt 00:00:12]} 6. Qc2 {[%clk 01:30:38]  [%emt
00:00:52]} 6... Bg4 {[%clk 01:32:01]  [%emt 00:00:33]} 7. Ne5 {[%clk 01:30:39] 
[%emt 00:00:31]} 7... Bh5 {[%clk 01:32:18]  [%emt 00:00:11]} 8. Bf4 {[%clk
01:30:23]  [%emt 00:00:47]} 8... O-O {[%clk 01:31:43]  [%emt 00:01:05]} 9. e3
{[%clk 01:30:35]  [%emt 00:00:18]} 9... Nbd7 {[%clk 01:32:03]  [%emt 00:00:09]}
10. Bd3 {[%clk 01:30:30]  [%emt 00:00:36]} 10... c6 {[%clk 01:32:15]  [%emt
00:00:18]} 11. O-O {[%clk 01:29:43]  [%emt 00:01:16]} 11... Bg6 {[%clk
01:32:15]  [%emt 00:00:30]} 12. Nxg6 {[%clk 01:29:01]  [%emt 00:01:13]} 12...
hxg6 {[%clk 01:30:49]  [%emt 00:01:56]} 13. h3 {[%clk 01:27:28]  [%emt
00:02:03]} 13... Nb6 {[%clk 01:30:08]  [%emt 00:01:12]} 14. Rab1 {[%clk
01:23:41]  [%emt 00:04:17]} 14... a5 {[%clk 01:30:19]  [%emt 00:00:17]} 15.
Rbd1 {[%clk 01:20:22]  [%emt 00:03:48]} 15... Ne8 {[%clk 01:29:42]  [%emt
00:01:07]} 16. Rfe1 {[%clk 01:19:34]  [%emt 00:01:20]} 16... Nd6 {[%clk
01:29:57]  [%emt 00:00:15]} 17. b3 {[%clk 01:10:59]  [%emt 00:09:05]} 17... Re8
{[%clk 01:30:16]  [%emt 00:00:11]} 18. f3 {[%clk 01:09:49]  [%emt 00:01:39]}
18... Bf6 {[%clk 01:29:45]  [%emt 00:01:02]} 19. Bg3 {[%clk 00:59:15]  [%emt
00:11:05]} 19... Re6 {[%clk 01:23:09]  [%emt 00:07:04]} 20. Bf2 {[%clk
00:59:13]  [%emt 00:00:33]} 20... Bh4 {[%clk 01:22:21]  [%emt 00:01:17]} 21. g3
{[%clk 00:58:33]  [%emt 00:01:11]} 21... Bf6 {[%clk 01:22:05]  [%emt 00:00:45]}
22. e4 {[%clk 00:58:32]  [%emt 00:00:32]} 22... dxe4 {[%clk 01:22:27]  [%emt
00:00:08]} 23. fxe4 {[%clk 00:58:35]  [%emt 00:00:27]} 23... Ne8 {[%clk
01:22:34]  [%emt 00:00:19]} 24. Be2 {[%clk 00:44:27]  [%emt 00:14:41]} 24...
Be7 {[%clk 01:20:20]  [%emt 00:02:44]} 25. Bg4 {[%clk 00:43:47]  [%emt
00:01:11]} 25... f5 {[%clk 01:19:12]  [%emt 00:01:37]} 26. exf5 {[%clk
00:43:57]  [%emt 00:00:21]} 26... Rxe1+ {[%clk 01:19:34]  [%emt 00:00:08]} 27.
Rxe1 {[%clk 00:44:17]  [%emt 00:00:10]} 27... gxf5 {[%clk 01:19:29]  [%emt
00:00:35]} 28. Bxf5 {[%clk 00:39:32]  [%emt 00:05:15]} 28... Bb4 {[%clk
01:19:41]  [%emt 00:00:16]} 29. Be6+ {[%clk 00:38:18]  [%emt 00:01:46]} 29...
Kh8 {[%clk 01:18:23]  [%emt 00:01:47]} 30. Re5 {[%clk 00:33:02]  [%emt
00:05:47]} 30... Nf6 {[%clk 01:18:07]  [%emt 00:00:45]} 31. Qg6 {[%clk
00:31:57]  [%emt 00:01:35]} 31... Qe8 {[%clk 01:15:41]  [%emt 00:02:57]} 32.
Bf7 {[%clk 00:32:01]  [%emt 00:00:24]} 1-0

[Event "DEM U12 2023"]
[Site "Willingen GER"]
[Date "2023.05.28"]
[Round "1"]
[White "Merenda, Lukas-Benedikt"]
[Black "Shen, Tingrui"]
[Result "0-1"]
[Termination "normal"]
[Board "3"]
[WhiteElo "1479"]
[BlackElo "1801"]
[WhiteClock "00:18:14"]
[BlackClock "00:28:34"]
[PlyCount "90"]
[WhiteFideId "34603336"]
[BlackFideId "34603441"]
[EventCountry "GER"]
[EventRounds "9"]
[EventType "swiss"]
[EventDate "2023.05.27"]

1. e4 {[%clk 01:30:58]  [%emt 00:00:01]} 1... c5 {[%clk 01:30:35]  [%emt
00:00:25]} 2. Nc3 {[%clk 01:31:21]  [%emt 00:00:07]} 2... e6 {[%clk 01:30:31] 
[%emt 00:00:34]} 3. Nge2 {[%clk 01:31:44]  [%emt 00:00:07]} 3... d6 {[%clk
01:29:31]  [%emt 00:01:30]} 4. g3 {[%clk 01:31:07]  [%emt 00:01:08]} 4... Nc6
{[%clk 01:29:09]  [%emt 00:00:51]} 5. Bg2 {[%clk 01:31:27]  [%emt 00:00:10]}
5... g6 {[%clk 01:29:15]  [%emt 00:00:25]} 6. O-O {[%clk 01:26:38]  [%emt
00:05:19]} 6... Bg7 {[%clk 01:28:45]  [%emt 00:01:00]} 7. d3 {[%clk 01:25:23] 
[%emt 00:01:44]} 7... Nge7 {[%clk 01:28:25]  [%emt 00:00:50]} 8. Be3 {[%clk
01:20:30]  [%emt 00:05:23]} 8... O-O {[%clk 01:26:15]  [%emt 00:02:40]} 9. f4
{[%clk 01:11:18]  [%emt 00:09:43]} 9... b6 {[%clk 01:22:29]  [%emt 00:04:17]}
10. Bf2 {[%clk 01:07:36]  [%emt 00:04:11]} 10... Bb7 {[%clk 01:14:18]  [%emt
00:08:41]} 11. Qd2 {[%clk 00:58:27]  [%emt 00:09:38]} 11... a6 {[%clk 00:57:59]
 [%emt 00:16:49]} 12. a4 {[%clk 00:55:13]  [%emt 00:03:44]} 12... Qc7 {[%clk
00:56:19]  [%emt 00:02:10]} 13. g4 {[%clk 00:52:57]  [%emt 00:02:46]} 13... f5
{[%clk 00:54:02]  [%emt 00:02:47]} 14. gxf5 {[%clk 00:49:15]  [%emt 00:04:13]}
14... gxf5 {[%clk 00:54:16]  [%emt 00:00:15]} 15. Bh3 {[%clk 00:48:16]  [%emt
00:01:29]} 15... Kh8 {[%clk 00:49:30]  [%emt 00:05:16]} 16. Ng3 {[%clk
00:44:46]  [%emt 00:04:00]} 16... Nd4 {[%clk 00:43:29]  [%emt 00:06:31]} 17.
Be3 {[%clk 00:40:26]  [%emt 00:04:51]} 17... d5 {[%clk 00:41:02]  [%emt
00:02:57]} 18. e5 {[%clk 00:38:49]  [%emt 00:02:06]} 18... Ndc6 {[%clk
00:40:20]  [%emt 00:01:12]} 19. d4 {[%clk 00:35:34]  [%emt 00:03:45]} 19...
cxd4 {[%clk 00:38:53]  [%emt 00:01:57]} 20. Bxd4 {[%clk 00:35:45]  [%emt
00:00:20]} 20... Nxd4 {[%clk 00:38:23]  [%emt 00:01:00]} 21. Qxd4 {[%clk
00:36:12]  [%emt 00:00:03]} 21... Nc6 {[%clk 00:36:52]  [%emt 00:02:01]} 22.
Qf2 {[%clk 00:34:04]  [%emt 00:02:37]} 22... Rg8 {[%clk 00:35:49]  [%emt
00:01:33]} 23. Rfe1 {[%clk 00:31:50]  [%emt 00:02:44]} 23... Bf8 {[%clk
00:31:23]  [%emt 00:04:56]} 24. Kf1 {[%clk 00:31:13]  [%emt 00:01:07]} 24... d4
{[%clk 00:30:54]  [%emt 00:01:00]} 25. Na2 {[%clk 00:28:24]  [%emt 00:03:19]}
25... Bc5 {[%clk 00:29:43]  [%emt 00:01:41]} 26. Qd2 {[%clk 00:27:22]  [%emt
00:01:32]} 26... a5 {[%clk 00:28:28]  [%emt 00:01:45]} 27. Ke2 {[%clk 00:26:36]
 [%emt 00:01:16]} 27... d3+ {[%clk 00:28:02]  [%emt 00:00:56]} 28. Kd1 {[%clk
00:25:07]  [%emt 00:01:58]} 28... dxc2+ {[%clk 00:27:27]  [%emt 00:01:06]} 29.
Qxc2 {[%clk 00:23:47]  [%emt 00:01:49]} 29... Nd4 {[%clk 00:27:18]  [%emt
00:00:39]} 30. Qc3 {[%clk 00:21:46]  [%emt 00:02:31]} 30... Rgd8 {[%clk
00:27:12]  [%emt 00:00:36]} 31. Kc1 {[%clk 00:21:18]  [%emt 00:00:58]} 31...
Rac8 {[%clk 00:27:17]  [%emt 00:00:25]} 32. Kb1 {[%clk 00:20:42]  [%emt
00:01:06]} 32... Qe7 {[%clk 00:26:19]  [%emt 00:01:28]} 33. Rf1 {[%clk
00:19:11]  [%emt 00:02:02]} 33... Ba6 {[%clk 00:26:32]  [%emt 00:00:17]} 34.
Rd1 {[%clk 00:18:32]  [%emt 00:01:08]} 34... Bb4 {[%clk 00:26:17]  [%emt
00:00:46]} 35. Qe3 {[%clk 00:17:02]  [%emt 00:01:59]} 35... Nc2 {[%clk
00:26:23]  [%emt 00:00:24]} 36. Rxd8+ {[%clk 00:16:50]  [%emt 00:00:43]} 36...
Qxd8 {[%clk 00:26:44]  [%emt 00:00:09]} 37. Qb3 {[%clk 00:16:17]  [%emt
00:01:02]} 37... Qd1+ {[%clk 00:26:43]  [%emt 00:00:31]} 38. Nc1 {[%clk
00:16:39]  [%emt 00:00:09]} 38... Qxc1+ {[%clk 00:26:32]  [%emt 00:00:41]} 39.
Kxc1 {[%clk 00:16:43]  [%emt 00:00:26]} 39... Nxa1+ {[%clk 00:26:55]  [%emt
00:00:07]} 40. Kd1 {[%clk 00:16:55]  [%emt 00:00:17]} 40... Nxb3 {[%clk
00:27:17]  [%emt 00:00:09]} 41. Ne2 {[%clk 00:16:50]  [%emt 00:00:34]} 41...
Rd8+ {[%clk 00:27:23]  [%emt 00:00:24]} 42. Kc2 {[%clk 00:17:13]  [%emt
00:00:07]} 42... Na1+ {[%clk 00:27:42]  [%emt 00:00:11]} 43. Kb1 {[%clk
00:17:31]  [%emt 00:00:13]} 43... Bxe2 {[%clk 00:27:47]  [%emt 00:00:25]} 44.
Kxa1 {[%clk 00:17:50]  [%emt 00:00:10]} 44... Bc4 {[%clk 00:28:10]  [%emt
00:00:06]} 45. Kb1 {[%clk 00:18:14]  [%emt 00:00:07]} 45... Bb3 {[%clk
00:28:34]  [%emt 00:00:07]} 0-1

[Event "DEM U12 2023"]
[Site "Willingen GER"]
[Date "2023.05.28"]
[Round "1"]
[White "Mohylnyi, Stepan"]
[Black "Dodul, Arthur"]
[Result "1-0"]
[Termination "normal"]
[Board "4"]
[WhiteElo "2073"]
[BlackElo "1613"]
[WhiteClock "00:54:21"]
[BlackClock "00:29:06"]
[PlyCount "83"]
[WhiteFideId "34127836"]
[BlackFideId "34609016"]
[EventCountry "GER"]
[EventRounds "9"]
[EventType "swiss"]
[EventDate "2023.05.27"]

1. e4 {[%clk 01:30:48]  [%emt 00:00:12]} 1... e5 {[%clk 01:26:41]  [%emt
00:04:20]} 2. Nf3 {[%clk 01:31:10]  [%emt 00:00:07]} 2... Nc6 {[%clk 01:26:53] 
[%emt 00:00:17]} 3. d4 {[%clk 01:31:26]  [%emt 00:00:15]} 3... exd4 {[%clk
01:26:48]  [%emt 00:00:34]} 4. Nxd4 {[%clk 01:31:54]  [%emt 00:00:03]} 4... Bc5
{[%clk 01:27:02]  [%emt 00:00:16]} 5. Be3 {[%clk 01:32:18]  [%emt 00:00:06]}
5... Qf6 {[%clk 01:27:01]  [%emt 00:00:28]} 6. c3 {[%clk 01:32:43]  [%emt
00:00:08]} 6... Nge7 {[%clk 01:27:17]  [%emt 00:00:13]} 7. Bc4 {[%clk 01:33:02]
 [%emt 00:00:12]} 7... d5 {[%clk 01:26:35]  [%emt 00:01:12]} 8. exd5 {[%clk
01:32:05]  [%emt 00:01:27]} 8... Ne5 {[%clk 01:26:54]  [%emt 00:00:10]} 9. Bb5+
{[%clk 01:31:40]  [%emt 00:00:56]} 9... c6 {[%clk 01:27:16]  [%emt 00:00:08]}
10. dxc6 {[%clk 01:31:56]  [%emt 00:00:15]} 10... bxc6 {[%clk 01:27:34]  [%emt
00:00:10]} 11. Be2 {[%clk 01:30:43]  [%emt 00:01:44]} 11... Nd5 {[%clk
01:27:52]  [%emt 00:00:11]} 12. O-O {[%clk 01:28:49]  [%emt 00:02:24]} 12...
Nxe3 {[%clk 01:28:11]  [%emt 00:00:11]} 13. fxe3 {[%clk 01:29:15]  [%emt
00:00:05]} 13... Qh6 {[%clk 01:28:26]  [%emt 00:00:13]} 14. Rf4 {[%clk
01:28:59]  [%emt 00:00:47]} 14... O-O {[%clk 01:23:31]  [%emt 00:05:24]} 15.
Nd2 {[%clk 01:24:38]  [%emt 00:04:53]} 15... Ng6 {[%clk 01:17:19]  [%emt
00:06:41]} 16. Rf3 {[%clk 01:17:55]  [%emt 00:07:13]} 16... Nh4 {[%clk
01:13:13]  [%emt 00:04:36]} 17. Rf2 {[%clk 01:16:13]  [%emt 00:02:13]} 17...
Qxe3 {[%clk 01:10:39]  [%emt 00:03:04]} 18. Nc4 {[%clk 01:12:07]  [%emt
00:04:36]} 18... Qg5 {[%clk 00:58:54]  [%emt 00:12:13]} 19. b4 {[%clk 01:10:50]
 [%emt 00:01:49]} 19... Bxd4 {[%clk 00:53:09]  [%emt 00:06:14]} 20. Qxd4 {[%clk
01:11:13]  [%emt 00:00:09]} 20... Ng6 {[%clk 00:50:26]  [%emt 00:03:11]} 21.
Nd6 {[%clk 01:00:50]  [%emt 00:10:54]} 21... Be6 {[%clk 00:48:02]  [%emt
00:02:53]} 22. Raf1 {[%clk 01:00:50]  [%emt 00:00:31]} 22... Rad8 {[%clk
00:46:20]  [%emt 00:02:08]} 23. c4 {[%clk 01:01:07]  [%emt 00:00:17]} 23... Qe5
{[%clk 00:43:19]  [%emt 00:03:29]} 24. Qxe5 {[%clk 01:01:14]  [%emt 00:00:25]}
24... Nxe5 {[%clk 00:43:42]  [%emt 00:00:06]} 25. c5 {[%clk 01:01:36]  [%emt
00:00:09]} 25... Bxa2 {[%clk 00:41:44]  [%emt 00:02:27]} 26. Ba6 {[%clk
00:55:34]  [%emt 00:06:33]} 26... Bd5 {[%clk 00:39:40]  [%emt 00:02:33]} 27.
Rd2 {[%clk 00:53:30]  [%emt 00:02:34]} 27... f6 {[%clk 00:37:52]  [%emt
00:02:17]} 28. Bb7 {[%clk 00:51:30]  [%emt 00:02:32]} 28... Nc4 {[%clk
00:29:59]  [%emt 00:08:21]} 29. Rxd5 {[%clk 00:49:56]  [%emt 00:02:06]} 29...
Ne3 {[%clk 00:28:59]  [%emt 00:01:29]} 30. Bxc6 {[%clk 00:49:34]  [%emt
00:00:52]} 30... Nxf1 {[%clk 00:29:22]  [%emt 00:00:07]} 31. Kxf1 {[%clk
00:50:01]  [%emt 00:00:04]} 31... Rb8 {[%clk 00:29:28]  [%emt 00:00:23]} 32. b5
{[%clk 00:50:27]  [%emt 00:00:04]} 32... g6 {[%clk 00:29:33]  [%emt 00:00:25]}
33. Rd1 {[%clk 00:50:40]  [%emt 00:00:18]} 33... Rfd8 {[%clk 00:28:29]  [%emt
00:01:32]} 34. Ra1 {[%clk 00:50:55]  [%emt 00:00:16]} 34... Rxd6 {[%clk
00:27:43]  [%emt 00:01:16]} 35. cxd6 {[%clk 00:51:22]  [%emt 00:00:03]} 35...
Rd8 {[%clk 00:28:05]  [%emt 00:00:07]} 36. d7 {[%clk 00:51:51]  [%emt
00:00:03]} 36... Kf7 {[%clk 00:27:53]  [%emt 00:00:41]} 37. Rxa7 {[%clk
00:52:16]  [%emt 00:00:05]} 37... Ke7 {[%clk 00:27:31]  [%emt 00:00:52]} 38. b6
{[%clk 00:52:40]  [%emt 00:00:07]} 38... Kd6 {[%clk 00:27:53]  [%emt 00:00:07]}
39. Rc7 {[%clk 00:53:06]  [%emt 00:00:04]} 39... f5 {[%clk 00:28:13]  [%emt
00:00:12]} 40. Rc8 {[%clk 00:53:32]  [%emt 00:00:03]} 40... Rxd7 {[%clk
00:28:38]  [%emt 00:00:05]} 41. Bxd7 {[%clk 00:53:58]  [%emt 00:00:04]} 41...
Kxd7 {[%clk 00:29:06]  [%emt 00:00:02]} 42. b7 {[%clk 00:54:21]  [%emt
00:00:07]} 1-0

[Event "DEM U12 2023"]
[Site "Willingen GER"]
[Date "2023.05.28"]
[Round "1"]
[White "Greive, Jakob"]
[Black "Polzin, Gustav"]
[Result "0-1"]
[Termination "normal"]
[Board "5"]
[WhiteElo "1551"]
[BlackElo "2018"]
[WhiteClock "00:38:23"]
[BlackClock "00:40:40"]
[PlyCount "42"]
[WhiteFideId "34603476"]
[BlackFideId "34603280"]
[EventCountry "GER"]
[EventRounds "9"]
[EventType "swiss"]
[EventDate "2023.05.27"]

1. e4 {[%clk 01:30:56]  [%emt 00:00:03]} 1... c5 {[%clk 01:30:33]  [%emt
00:00:28]} 2. Nf3 {[%clk 01:30:42]  [%emt 00:00:43]} 2... g6 {[%clk 01:28:38] 
[%emt 00:02:26]} 3. c3 {[%clk 01:30:58]  [%emt 00:00:13]} 3... Bg7 {[%clk
01:28:45]  [%emt 00:00:24]} 4. d4 {[%clk 01:28:59]  [%emt 00:02:28]} 4... cxd4
{[%clk 01:28:55]  [%emt 00:00:21]} 5. cxd4 {[%clk 01:29:08]  [%emt 00:00:20]}
5... d5 {[%clk 01:26:38]  [%emt 00:02:48]} 6. exd5 {[%clk 01:24:24]  [%emt
00:05:13]} 6... Nf6 {[%clk 01:26:24]  [%emt 00:00:45]} 7. Nc3 {[%clk 01:16:26] 
[%emt 00:08:27]} 7... O-O {[%clk 01:25:09]  [%emt 00:01:45]} 8. Bc4 {[%clk
01:13:04]  [%emt 00:03:51]} 8... Nbd7 {[%clk 01:22:55]  [%emt 00:02:45]} 9. O-O
{[%clk 01:09:49]  [%emt 00:03:44]} 9... Nb6 {[%clk 01:20:15]  [%emt 00:03:11]}
10. Qb3 {[%clk 01:09:23]  [%emt 00:00:56]} 10... Bf5 {[%clk 01:10:09]  [%emt
00:10:36]} 11. Re1 {[%clk 01:04:57]  [%emt 00:04:55]} 11... Rc8 {[%clk
01:09:00]  [%emt 00:01:40]} 12. Be2 {[%clk 01:04:02]  [%emt 00:01:24]} 12...
Nfxd5 {[%clk 01:07:50]  [%emt 00:01:42]} 13. Nxd5 {[%clk 01:02:10]  [%emt
00:02:21]} 13... Qxd5 {[%clk 01:07:09]  [%emt 00:01:12]} 14. Qb4 {[%clk
00:49:23]  [%emt 00:13:16]} 14... Bf6 {[%clk 00:56:18]  [%emt 00:11:22]} 15.
Bh6 {[%clk 00:43:53]  [%emt 00:05:59]} 15... Rfd8 {[%clk 00:55:52]  [%emt
00:00:57]} 16. Red1 {[%clk 00:43:19]  [%emt 00:01:02]} 16... Rc2 {[%clk
00:45:42]  [%emt 00:10:41]} 17. Bd3 {[%clk 00:42:21]  [%emt 00:01:28]} 17...
Bxd3 {[%clk 00:44:19]  [%emt 00:01:53]} 18. Rxd3 {[%clk 00:42:14]  [%emt
00:00:37]} 18... Qf5 {[%clk 00:43:30]  [%emt 00:01:20]} 19. Qb3 {[%clk
00:40:07]  [%emt 00:02:35]} 19... Rdc8 {[%clk 00:42:53]  [%emt 00:01:08]} 20.
Ne5 {[%clk 00:38:06]  [%emt 00:02:28]} 20... Qxf2+ {[%clk 00:40:13]  [%emt
00:03:14]} 21. Kh1 {[%clk 00:38:23]  [%emt 00:00:13]} 21... Qxg2# {[%clk
00:40:40]  [%emt 00:00:03]} 0-1